[Event "AUTO-OPEN-1276"]
[Site "http://www.queenalice.com/game.php?id=468267"]
[Date "2008.9.25"]
[Round "1"]
[White "victormpo"]
[Black "Ferdyrojo"]
[Result "1/2-1/2"]
[WhiteElo "1632"]
[BlackElo "2150"]

1. d4 Nf6 2. c4 e6 3. Nc3 d5 4. cxd5 Nxd5 5. e4 Nxc3 6. bxc3 c5 7. Nf3 cxd4 8.
cxd4 Bb4+ 9. Bd2 Bxd2+ 10. Qxd2 O-O 11. Be2 Nc6 12. O-O e5 13. Rad1 exd4 14.
Nxd4 Nxd4 15. Qxd4 Be6 16. Bc4 Qe7 17. Bxe6 Qxe6 18. Qd5 Qe7 19. Rfe1 Rfd8 20.
Qc4 Rac8 21. Rxd8+ Qxd8 22. Qb4 b6 23. h3 Qc7 24. a4 Re8 25. Kh1 Qf4 26. Qd4 h6
27. Qe3 Qxe3 28. Rxe3 Re5 29. f4 Ra5 30. Ra3 b5 31. g4 a6 32. Kg2 f6 33. Kf3 Kf7
34. Ke3 b4 35. Rb3 Rxa4 36. Kd3 Ke6 37. Kc4 g5 38. Rf3 b3+ 39. Kxb3 Rxe4 40.
fxg5 fxg5 41. Rc3 Ke5 42. Kc2 Kf4 43. Rc6 a5 44. Rxh6 Re3 45. h4 Kxg4 46. hxg5
Kxg5 47. Ra6 Re5 48. Kb3 Kf4 49. Ka4 Ke4 50. Rxa5 Rxa5+ 51. Kxa5 Kd5 52. Kb5 Kd6
53. Kc4 Ke5 54. Kc3 Kd5 55. Kb4 Kc6 56. Kc4 Kd6 57. Kb5 Kc7 58. Ka6 1/2-1/2

[Event "AUTO-OPEN-1276"]
[Site "http://www.queenalice.com/game.php?id=468280"]
[Date "2008.9.25"]
[Round "1"]
[White "victormpo"]
[Black "hacamarguinho"]
[Result "1-0"]
[WhiteElo "1550"]
[BlackElo "1697"]

1. Nf3 Nf6 2. c4 e6 3. Nc3 Bb4 4. d4 O-O 5. Bd2 d5 6. e3 Bxc3 7. Bxc3 Ne4 8. Bb4
Re8 9. cxd5 Qxd5 10. Qe2 a5 11. Bc3 Bd7 12. a4 Qb3 13. Qd3 Nxc3 14. Qxc3 Qxc3+
15. bxc3 Nc6 16. Bd3 Ne7 17. O-O Nd5 18. Rfc1 f6 19. g3 c6 20. e4 Ne7 21. Rab1
Rab8 22. c4 Rec8 23. c5 g6 24. h4 Kf7 25. g4 Rc7 26. Kh2 Ng8 27. g5 Bc8 28. gxf6
Nxf6 29. Ne5+ Ke8 30. Rg1 Rg7 31. Nxc6 Ra8 32. Ne5 Nh5 33. Bb5+ Ke7 34. d5 exd5
35. exd5 Bf5 36. Rbe1 Kd8 37. c6 bxc6 38. Nxc6+ Kc7 39. Rc1 Kd6 40. Rgd1 Bg4 41.
Re1 Kxd5 42. Ne7+ Kd6 43. Rc6+ 1-0

[Event "AUTO-OPEN-1276"]
[Site "http://www.queenalice.com/game.php?id=468281"]
[Date "2008.9.25"]
[Round "1"]
[White "hacamarguinho"]
[Black "victormpo"]
[Result "0-1"]
[WhiteElo "1721"]
[BlackElo "1526"]

1. e4 e5 2. Nf3 Nc6 3. Bb5 Nd4 4. Nxd4 exd4 5. c3 a6 6. Ba4 b5 7. Bb3 Qf6 8. O-O
Bd6 9. d3 Ne7 10. Qe2 Be5 11. cxd4 Bxd4 12. Na3 d6 13. Nc2 c5 14. Nxd4 cxd4 15.
Bd2 Qg6 16. Rac1 Bh3 17. Qf3 Bg4 18. Qf4 O-O 19. Bb4 Rad8 20. Rc7 Rd7 21. Rxd7
Nc6 22. Rxd6 Qh5 23. Rxc6 Re8 24. Rc7 Be6 25. Bxe6 fxe6 26. Qe5 Qxe5 27. Rfc1
Qf4 28. R7c2 h6 29. g3 Qf3 30. Rd2 Rd8 31. Rc7 Ra8 32. Re7 Qf6 33. Rc2 a5 34.
Bc5 b4 35. b3 e5 36. Rc7 Qf3 37. Bd6 Qxd3 38. Bxe5 Qxe4 39. Rxg7+ Kf8 40. Rc5
Re8 41. Bf6 Qf3 0-1

[Event "AUTO-ADV-1067"]
[Site "http://www.queenalice.com/game.php?id=475009"]
[Date "2008.10.9"]
[Round "1"]
[White "victormpo"]
[Black "ocbruno"]
[Result "0-1"]
[WhiteElo "1585"]
[BlackElo "1810"]

1. e4 Nc6 2. d4 d5 3. Nc3 dxe4 4. Nxe4 Bf5 5. Nc3 Qxd4 6. Qxd4 Nxd4 7. Kd2 Rd8
8. Bd3 Nc6 9. Nge2 e5 10. Rd1 e4 11. Ke1 exd3 12. Nf4 Nb4 13. Kf1 Nxc2 14. Rb1
Nb4 15. Bd2 c6 16. a3 Nc2 17. Rbc1 Nf6 18. Be3 Nxe3+ 19. fxe3 d2 20. Ra1 Bc2 21.
h3 Bxd1 22. Rxd1 Bc5 23. Ke2 O-O 24. Rxd2 Rfe8 25. Rxd8 Rxd8 26. b4 Bd6 27. Kf3
Bxf4 28. exf4 Rd3+ 0-1

[Event "AUTO-ADV-1067"]
[Site "http://www.queenalice.com/game.php?id=475010"]
[Date "2008.10.9"]
[Round "1"]
[White "ocbruno"]
[Black "victormpo"]
[Result "1-0"]
[WhiteElo "1801"]
[BlackElo "1615"]

1. d4 d5 2. b3 c5 3. c4 cxd4 4. Qxd4 Nf6 5. Nf3 Nc6 6. Qd1 e5 7. e3 Bf5 8. Bb2
Nb4 9. Ba3 Nc2+ 10. Ke2 Nxa1 11. Bxf8 Rxf8 12. Na3 Ne4 13. Qxa1 f6 14. Nh4 Be6
15. f3 Nc5 16. Kf2 f5 17. g3 Qa5 18. Nb5 Rd8 19. Qxe5 Nd3+ 20. Bxd3 Qd2+ 21. Be2
Kf7 22. Nd6+ Ke7 23. Ndxf5+ Kf7 24. Qxg7+ Ke8 25. Qe7# 1-0

[Event "AUTO-ADV-1067"]
[Site "http://www.queenalice.com/game.php?id=475011"]
[Date "2008.10.9"]
[Round "1"]
[White "victormpo"]
[Black "anandya"]
[Result "0-1"]
[WhiteElo "1530"]
[BlackElo "1839"]

1. e4 e5 2. Nf3 d6 3. Bc4 Nc6 4. d4 exd4 5. Nxd4 Nxd4 6. Qxd4 Qe7 7. O-O Qe5 8.
Qxe5+ dxe5 9. Nc3 c6 10. a3 Nf6 11. Bg5 Be7 12. Rad1 O-O 13. Be2 h6 14. Bc1 Be6
15. Be3 b6 16. h3 Rad8 17. Bd3 Rd7 18. Ne2 Rfd8 19. f4 Bd6 20. b3 Re7 21. f5 Bc8
22. Rf3 Bxa3 23. Kh2 Ba6 24. g4 Bxd3 25. cxd3 Bb4 26. Rg1 Rxd3 27. g5 Nxe4 28.
gxh6 f6 29. Ng3 Ng5 30. Rf2 Rxe3 31. Nh5 Rxh3+ 32. Kg2 Rxh5 33. Rh1 Rxh1 34.
Kxh1 gxh6 35. Rh2 Kh7 0-1

[Event "AUTO-ADV-1067"]
[Site "http://www.queenalice.com/game.php?id=475012"]
[Date "2008.10.9"]
[Round "1"]
[White "anandya"]
[Black "victormpo"]
[Result "1/2-1/2"]
[WhiteElo "1859"]
[BlackElo "1572"]

1. e4 e5 2. Nf3 Nc6 3. Bc4 Bc5 4. d3 h6 5. Nc3 Nf6 6. Nd5 Ng4 7. Ne3 d6 8. Nxg4
Bxg4 9. h3 Be6 10. Bxe6 fxe6 11. a3 d5 12. Qe2 dxe4 13. Qxe4 Qf6 14. Be3 Bd4 15.
c3 Bxe3 16. Qxe3 O-O 17. O-O Qf5 18. Rae1 Rf6 19. Nxe5 Nxe5 20. Qxe5 Qxd3 21.
Qxc7 Raf8 22. Qc5 Rg6 23. Qe3 Qd7 24. Qe4 e5 25. Qc4+ Kh8 26. Re3 Rf5 27. Qe4
Rfg5 28. Rg3 Rxg3 29. fxg3 Rf6 30. Rxf6 gxf6 31. Kf2 Qd2+ 32. Qe2 Qxe2+ 33. Kxe2
Kg7 34. Kf3 Kg6 35. Ke4 h5 36. b4 b5 37. g4 hxg4 38. hxg4 Kg5 39. Kf3 e4+ 40.
Kxe4 Kxg4 41. g3 f5+ 42. Ke5 Kg5 43. Kd4 Kg4 44. Ke5 Kg5 45. Kd4 Kg4 46. Ke5
1/2-1/2

[Event "AUTO-ADV-1067"]
[Site "http://www.queenalice.com/game.php?id=475013"]
[Date "2008.10.9"]
[Round "1"]
[White "victormpo"]
[Black "daga2008"]
[Result "1-0"]
[WhiteElo "1631"]
[BlackElo "1499"]

1. e4 e5 2. Nf3 Nc6 3. Bc4 h6 4. Nc3 g5 5. g4 d6 6. d4 Na5 7. Be2 a6 8. d5 c6 9.
b4 b6 10. bxa5 bxa5 11. dxc6 Ne7 12. Nd5 Nxc6 13. c3 Be6 14. Bc4 Qc8 15. Nf6+
Ke7 16. Bxe6 Kxe6 17. Nh5 Rg8 18. Qd5+ Kd7 19. Nf6+ Kd8 20. Nxg8 Rb8 21. Qxf7
Be7 22. h3 Rb7 23. Ba3 Qd7 24. O-O Kc7 25. Rab1 Rxb1 26. Rxb1 Nd8 27. Qb3 Qc6
28. Nxe7 Qa8 29. Qb6+ Kd7 30. Qxd6+ Ke8 31. Nc8 Qxc8 32. Qe7# 1-0

[Event "AUTO-ADV-1067"]
[Site "http://www.queenalice.com/game.php?id=475014"]
[Date "2008.10.9"]
[Round "1"]
[White "daga2008"]
[Black "victormpo"]
[Result "0-1"]
[WhiteElo "1488"]
[BlackElo "1602"]

1. e4 e5 2. Qh5 Nc6 3. Bc4 g6 4. Qf3 Nf6 5. h3 Nd4 6. Qc3 Nxe4 7. Qd3 d5 8. Bb3
Qf6 9. f3 Qh4+ 10. Kd1 Nf2+ 11. Ke1 Nxd3+ 12. Kd1 Qe1# 0-1

[Event "AUTO-OPEN-1296"]
[Site "http://www.queenalice.com/game.php?id=475059"]
[Date "2008.10.9"]
[Round "1"]
[White "Edmilson9975"]
[Black "victormpo"]
[Result "1-0"]
[WhiteElo "1387"]
[BlackElo "1578"]

1. d4 d5 2. c4 c6 3. Nf3 Nd7 4. Bd2 a5 5. c5 b6 6. cxb6 Qxb6 7. Qb3 e6 8. Ne5
Qxb3 9. axb3 Nxe5 10. dxe5 f6 11. exf6 Nxf6 12. g3 Bc5 13. b4 Bd4 14. Ra2 O-O
15. bxa5 Ne4 16. f3 Bf2+ 17. Kd1 Nc5 18. Bf4 Re8 19. e3 e5 20. Ke2 exf4 21. Kxf2
fxe3+ 22. Ke2 Ba6+ 23. Ke1 d4 24. Bxa6 Rxa6 25. b4 Nb3 26. Rb2 Nc1 27. Kf1 d3
28. Kg2 Ne2 29. Re1 Nd4 30. h4 d2 31. Nxd2 exd2 32. Rxe8+ Kf7 33. Rxd2 Kxe8 34.
Rxd4 Ra7 35. Rc4 Rc7 36. Rc5 Kd7 37. a6 Kd6 38. g4 Ra7 39. Ra5 Kc7 40. h5 Kb6
41. Rg5 Kxa6 42. Ra5+ Kb6 43. Rxa7 Kxa7 44. f4 Kb6 45. f5 Kb5 46. h6 1-0

[Event "AUTO-OPEN-1296"]
[Site "http://www.queenalice.com/game.php?id=475060"]
[Date "2008.10.9"]
[Round "1"]
[White "victormpo"]
[Black "Edmilson9975"]
[Result "0-1"]
[WhiteElo "1554"]
[BlackElo "1411"]

1. e4 f5 2. e5 Nc6 3. d4 d6 4. Nf3 h6 5. c4 dxe5 6. d5 e4 7. dxc6 Qxd1+ 8. Kxd1
exf3 9. gxf3 bxc6 10. Nc3 Nf6 11. Bd2 Rb8 12. Na4 e6 13. Kc2 Ba6 14. Nc5 Bxc5
15. Be3 Bxe3 16. fxe3 c5 17. Rd1 Rd8 18. Be2 Rxd1 19. Rxd1 O-O 20. a3 e5 21. b3
Bb7 22. b4 cxb4 23. axb4 Re8 24. Ra1 a6 25. c5 Nd5 26. Bc4 e4 27. fxe4 Rxe4 28.
Bxa6 Nxb4+ 29. Kd2 Bxa6 30. Kc3 Kf7 31. Ra4 Nd5+ 32. Kb3 Rxe3+ 33. Kc2 Rc3+ 34.
Kd2 Rd3+ 35. Kc2 Bb5 36. Ra5 c6 37. Rxb5 cxb5 38. Kxd3 Ne7 39. Kc3 f4 40. Kb4 f3
41. Kxb5 f2 42. c6 f1=Q+ 43. Kb6 Qf6 44. Kb5 Qxc6+ 45. Kb4 Nd5+ 46. Kb3 Qc3+ 47.
Ka2 Nb4+ 48. Kb1 Qb3+ 49. Kc1 Qc2# 0-1

[Event "AUTO-OPEN-1296"]
[Site "http://www.queenalice.com/game.php?id=475085"]
[Date "2008.10.9"]
[Round "1"]
[White "Prosperidade"]
[Black "victormpo"]
[Result "0-1"]
[WhiteElo "1360"]
[BlackElo "1632"]

1. d4 d5 2. c4 c6 3. c5 b6 4. b4 bxc5 5. bxc5 Nd7 6. Nf3 Qc7 7. e3 e5 8. Be2
Ngf6 9. O-O Be7 10. Nc3 O-O 11. h3 h6 12. Re1 Nh7 13. Qd2 e4 14. Nh2 Ndf6 15. f3
Qg3 16. Kh1 Bd8 17. Nd1 Bc7 18. f4 Ng5 19. Nf2 Qxf2 0-1

[Event "AUTO-OPEN-1296"]
[Site "http://www.queenalice.com/game.php?id=475086"]
[Date "2008.10.9"]
[Round "1"]
[White "victormpo"]
[Black "Prosperidade"]
[Result "1-0"]
[WhiteElo "1583"]
[BlackElo "1695"]

1. e4 e5 2. Nf3 d6 3. Bc4 h6 4. d4 exd4 5. Nxd4 Nf6 6. O-O Be7 7. Nc3 O-O 8. f4
c5 9. Nf3 Nc6 10. f5 a6 11. Re1 Re8 12. e5 dxe5 13. Nxe5 Qxd1 14. Bxf7+ Kf8 15.
Rxd1 Nxe5 16. Bxe8 Kxe8 17. Bf4 Nf7 18. Re1 Bxf5 19. Rac1 Rd8 20. a3 Kf8 21. Ne2
b5 22. c3 Nd5 23. Rf1 Bd3 24. Rce1 c4 25. Rf2 Bc5 26. Nd4 Nf6 27. Be3 Re8 28.
Nc2 Bxe3 29. Rxe3 Bxc2 30. Rxe8+ Nxe8 31. Rxc2 Nc7 32. Rc1 g5 33. g4 Nd8 34.
Rf1+ Kg7 35. Rd1 Nde6 36. Kg2 Kg6 37. Kf3 Nc5 38. Rd6+ N7e6 39. h3 Kf6 40. Rb6
Ke5 41. Ke3 Kd5 42. Rb8 Na4 43. Rh8 Nxb2 44. Rxh6 Na4 45. Kd2 Nec5 46. Rh5 Ne4+
47. Kc2 1-0

[Event "AUTO-OPEN-1296"]
[Site "http://www.queenalice.com/game.php?id=475101"]
[Date "2008.10.9"]
[Round "1"]
[White "fera77"]
[Black "victormpo"]
[Result "1-0"]
[WhiteElo "1897"]
[BlackElo "1642"]

1. d4 d5 2. c4 c6 3. Nc3 Nd7 4. Bg5 h6 5. Bh4 g5 6. Bg3 Bg7 7. e3 Ngf6 8. Rc1 b6
9. Bd3 Nh7 10. cxd5 cxd5 11. Nf3 Bb7 12. O-O O-O 13. h4 Ndf6 14. hxg5 Nxg5 15.
Nxg5 a6 16. Nh3 Bc8 17. Nf4 Ng4 18. Ncxd5 Bb7 19. Bc4 Nf6 20. Nxf6+ Bxf6 21. Nh5
Bh8 22. Qg4+ Kh7 23. Qf5+ Kg8 24. Bd3 Be4 25. Bxe4 Re8 26. Qh7+ Kf8 27. Qxh8#
1-0

[Event "AUTO-OPEN-1296"]
[Site "http://www.queenalice.com/game.php?id=475102"]
[Date "2008.10.9"]
[Round "1"]
[White "victormpo"]
[Black "fera77"]
[Result "0-1"]
[WhiteElo "1532"]
[BlackElo "1974"]

1. e4 Nf6 2. Nc3 e5 3. Bc4 c6 4. Nf3 d5 5. exd5 Bc5 6. O-O O-O 7. Nxe5 Nbd7 8.
d4 cxd5 9. Nxd5 Nxe5 10. dxe5 Ng4 11. Be3 Nxe3 12. Nxe3 Qxd1 13. Raxd1 Bxe3 14.
fxe3 Bg4 15. Rd2 Rae8 16. Rd7 Bxd7 17. h3 Rxe5 18. b3 Rxe3 19. Rd1 Be6 20. Bd3
Re8 21. Kf2 Bd5 22. a4 g6 23. c4 Bc6 24. Ra1 Rxd3 25. Rb1 Be4 26. Rb2 Bf5 27. b4
Red8 28. Ke2 Rc3 29. c5 Rc2+ 30. Rxc2 Bxc2 31. a5 Bd3+ 32. Ke3 f5 33. g3 Bb5 34.
h4 Kg7 35. Kf4 Rd4+ 0-1

[Event "AUTO-INT-1064"]
[Site "http://www.queenalice.com/game.php?id=475176"]
[Date "2008.10.9"]
[Round "1"]
[White "carlitomontana93270"]
[Black "victormpo"]
[Result "0-1"]
[WhiteElo "1609"]
[BlackElo "1637"]

1. e4 e5 2. Nf3 Nc6 3. Bb5 Nd4 4. Nxd4 c6 5. Bxc6 dxc6 6. Nf3 Bd6 7. O-O Nf6 8.
d3 O-O 9. Bg5 Re8 10. c4 Bg4 11. Nbd2 h6 12. Be3 b6 13. Qb3 c5 14. h3 Be6 15.
Rac1 Nh5 16. a3 Nf4 17. Bxf4 exf4 18. e5 Bc7 19. Qc3 Qd7 20. b4 Bxh3 21. gxh3
Qxh3 22. Rfe1 Re6 0-1

[Event "AUTO-INT-1064"]
[Site "http://www.queenalice.com/game.php?id=475177"]
[Date "2008.10.9"]
[Round "1"]
[White "victormpo"]
[Black "carlitomontana93270"]
[Result "1/2-1/2"]
[WhiteElo "1633"]
[BlackElo "1597"]

1. e4 e5 2. Nf3 Nc6 3. Bc4 h6 4. Nc3 Nf6 5. O-O Bb4 6. Nd5 O-O 7. c3 Be7 8. Re1
a6 9. d4 d6 10. dxe5 dxe5 11. h3 b5 12. Bb3 Bd7 13. Qd3 Be6 14. Nxf6+ Bxf6 15.
Qxd8 Raxd8 16. Be3 Rfe8 17. Bxe6 Rxe6 18. Rad1 Rxd1 19. Rxd1 Rd6 20. Rxd6 cxd6
21. b4 a5 22. a3 axb4 23. axb4 Kf8 24. g4 Ke8 25. g5 hxg5 26. Bxg5 Bxg5 27. Nxg5
f6 28. Ne6 Kf7 29. Nc7 Na7 30. h4 Kg6 31. Kg2 Kh5 32. Kg3 Kg6 33. Kg4 Kf7
1/2-1/2

[Event "AUTO-INT-1064"]
[Site "http://www.queenalice.com/game.php?id=475192"]
[Date "2008.10.9"]
[Round "1"]
[White "FoxInSox"]
[Black "victormpo"]
[Result "0-1"]
[WhiteElo "1518"]
[BlackElo "1620"]

1. d4 d5 2. e3 Nc6 3. g3 e5 4. Bb5 Bd7 5. dxe5 Nxe5 6. Qxd5 Bd6 7. Qxb7 Nf6 8.
Nf3 Rb8 9. Bxd7+ Nexd7 10. Qxa7 O-O 11. O-O Nc5 12. Qa3 Qd7 13. b4 Nce4 14. c3
Qh3 15. Nbd2 Qg4 16. Nd4 Nh5 17. f3 Qh3 18. Nxe4 Bxg3 19. Nxg3 Nxg3 20. Qb2
Qxf1# 0-1

[Event "AUTO-INT-1064"]
[Site "http://www.queenalice.com/game.php?id=475193"]
[Date "2008.10.9"]
[Round "1"]
[White "victormpo"]
[Black "FoxInSox"]
[Result "0-1"]
[WhiteElo "1636"]
[BlackElo "1513"]

1. e4 d5 2. exd5 Qxd5 3. Nc3 Qe6+ 4. Be2 Nc6 5. Nf3 b6 6. Nb5 Qd7 7. d4 Ba6 8.
Nxc7+ Qxc7 9. Bxa6 b5 10. Bd2 Qb6 11. Bxb5 Qxb5 12. Bc3 Nf6 13. Qd2 Ne4 14. Qe3
Nxc3 15. Qxc3 Qa5 16. Qxa5 Nxa5 17. O-O Rc8 18. Rac1 g6 19. c3 Bh6 20. Rb1 Nc4
21. Rfd1 O-O 22. b3 Nb6 23. c4 Rfd8 24. g3 a5 25. a4 Nd7 26. Ne1 Nf6 27. Nc2 Ne4
28. f3 Nc3 29. Re1 Nxb1 30. Rxb1 Bg7 31. d5 Bf8 32. Ne3 Rb8 33. Nc2 e6 34. dxe6
fxe6 35. b4 Rd2 36. Na3 Bxb4 37. Kf1 Rxh2 38. Kg1 Ra2 39. Nb5 Rxa4 40. Kg2 Bc5
41. Nc3 Rxb1 42. Nxa4 Rb4 43. Nxc5 Rxc4 44. Nxe6 a4 45. Nd8 a3 46. Nb7 a2 47.
Na5 Rb4 48. Nc6 Rb2+ 49. Kh3 a1=Q 50. Ne7+ Kg7 51. g4 Qh1+ 52. Kg3 g5 53. Nf5+
Kf8 54. f4 Qg2# 0-1

[Event "AUTO-INT-1064"]
[Site "http://www.queenalice.com/game.php?id=475202"]
[Date "2008.10.9"]
[Round "1"]
[White "Mars"]
[Black "victormpo"]
[Result "1-0"]
[WhiteElo "1661"]
[BlackElo "1646"]

1. d4 d5 2. c4 c6 3. Nc3 Nf6 4. e3 Nbd7 5. Nf3 Qc7 6. Bd3 e5 7. cxd5 cxd5 8.
dxe5 Nxe5 9. O-O Nfg4 10. Nxd5 Qd6 11. Bb5+ Bd7 12. Bxd7+ Nxd7 13. g3 Be7 14. b3
Bf6 15. Nxf6+ Qxf6 16. Ba3 a5 17. Rc1 b5 18. Qd5 Ra6 19. Rc7 Nde5 20. Rc8+ Qd8
21. Qxd8# 1-0

[Event "AUTO-INT-1064"]
[Site "http://www.queenalice.com/game.php?id=475203"]
[Date "2008.10.9"]
[Round "1"]
[White "victormpo"]
[Black "Mars"]
[Result "1-0"]
[WhiteElo "1603"]
[BlackElo "1739"]

1. e4 e5 2. d4 Nc6 3. Nf3 d6 4. Bc4 Be6 5. d5 Bd7 6. dxc6 Bxc6 7. Ng5 Nh6 8. Qf3
Qd7 9. Nc3 O-O-O 10. h3 f6 11. Be6 Kb8 12. Bxd7 Rxd7 13. Ne6 Be7 14. Nxg7 Rg8
15. Ne6 Nf7 16. b4 d5 17. b5 dxe4 18. Nxe4 Bxb5 19. Nd2 Ng5 20. Qg4 h6 21. c4
Bc6 22. Nxg5 Rxg5 23. Qe2 Rxg2 24. Ne4 f5 25. Nc3 e4 26. Be3 Bf6 27. Rc1 b6 28.
Qh5 Rd3 29. Bd2 Bd4 30. Rf1 e3 31. fxe3 Bxc3 32. Bxc3 Rxe3+ 33. Kd1 Ba4+ 34. Rc2
Rxc2 35. Rxf5 Rcxc3+ 36. Kd2 Rcd3+ 37. Kc1 Re1+ 38. Kb2 Rd2+ 39. Ka3 Bd7 40.
Qxh6 Bxf5 41. Qxd2 Rb1 42. Qd8+ Kb7 43. Qd5+ Ka6 44. Qxf5 Rc1 45. Qb5+ Kb7 46.
h4 Rc3+ 47. Kb2 Rh3 48. Qd5+ Ka6 49. h5 Rh2+ 50. Kb3 c5 51. a3 Ka5 52. Qc6 Rh3+
53. Kc2 Ka6 54. Qc8+ 1-0